Thiên thần mù Tiểu thuyết
.
Đã lưu trong:
| Tác giả chính: | |
|---|---|
| Định dạng: | Sách |
| Năm xuất bản: |
H.
Văn học
1999
|
| Series: | Văn học hiện đại nước ngoài. Văn học Pháp
|
| Chủ đề: | |
| Tags: |
Thêm thẻ
Không có thẻ, Hãy là người đầu tiên gắn thẻ bản ghi này!
|
| LEADER | 00824nam a2200205 4500 | ||
|---|---|---|---|
| 082 | |a 843 |b J 200 L | ||
| 100 | |a Jelloun, Tahar Ben | ||
| 242 | |a L' Ange aveugle | ||
| 245 | |a Thiên thần mù |b Tiểu thuyết |c Tahar Ben Jelloun; Vũ Liêm dịch | ||
| 260 | |a H. |b Văn học |c 1999 | ||
| 300 | |a 318 tr. |c 19 cm | ||
| 490 | |a Văn học hiện đại nước ngoài. Văn học Pháp | ||
| 520 | |a . | ||
| 653 | |a Văn học hiện đại | ||
| 653 | |a Pháp | ||
| 653 | |a tiểu thuyết | ||
| 942 | |2 ddc |c STK0 | ||
| 999 | |c 4389 |d 4389 | ||
| 952 | |0 0 |1 0 |2 ddc |4 0 |6 843_J_200000000000000_L |7 0 |8 800 |9 43458 |a qbu |b qbu |c D5 |d 2014-12-19 |g 20000 |o 843 J 200 L |p 441.C1 |r 0000-00-00 |w 2014-12-19 |y STK0 | ||
| 952 | |0 0 |1 0 |2 ddc |4 0 |6 843_J_200000000000000_L |7 0 |8 800 |9 43459 |a qbu |b qbu |c D5 |d 2014-12-19 |g 20000 |o 843 J 200 L |p 441.C2 |r 0000-00-00 |w 2014-12-19 |y STK0 | ||